Statistiques concernant Les 20 pays les plus consommateurs de poissons et crustacés

Cliquez ici pour prendre le quiz!

Statistiques générales

  • Ce quiz a été pris 322 fois
  • Le résultat moyen est 11 sur 20

Statistiques - réponses

Consommation annuelle par habitantPays% Correct
33.64 kgFrance
95%
40.33 kgChine
93%
46.65 kgJapon
93%
40.30 kgEspagne
87%
31.34 kgSuède
81%
50.57 kgNorvège
80%
59.36 kgPortugal
79%
33.52 kgFinlande
74%
54.66 kgCorée du Sud
73%
44.71 kgIndonesie
69%
84.30 kgIslande
62%
39.84 kgVietnam
59%
53.33 kgMalaisie
41%
29.75 kgTaiwan
32%
31.89 kgLituanie
21%
87.30 kgMaldives
15%
52.89 kgSeychelles
12%
31.47 kgLuxembourg
8%
69.22 kgKiribati
7%
57.12 kgAntigua-et-Barbuda
3%

Distribution des résultats

Percentile par nombre de réponses

% des personnes avec chaque résultat

Votre développement - résultats

Vous n’avez pas pris ce quiz